| 000 | 01271cam a2200337 i 4500 | ||
|---|---|---|---|
| 001 | 20228738 | ||
| 003 | NUST | ||
| 005 | 20220827160430.0 | ||
| 008 | 171221s2018 cau 001 0 eng | ||
| 010 | _a 2017058485 | ||
| 020 | _a9780399581120 (trade pbk.) | ||
| 038 | _aAzhar | ||
| 040 |
_aDLC _beng _cDLC _erda _dDLC |
||
| 042 | _apcc | ||
| 050 | 0 | 0 |
_aRC569.5.I54 _bP75 2018 |
| 082 | 0 | 0 |
_a616.8584 _223 _bPRI |
| 100 | 1 |
_aPrice, Catherine, _d1978- _eauthor. _994647 |
|
| 245 | 1 | 0 |
_aHow to break up with your phone _cCatherine Price. |
| 260 |
_aCalifornia : _bTen Speed Press, _c[2018] |
||
| 300 |
_aviii, 184 pages ; _c18 cm |
||
| 336 |
_atext _btxt _2rdacontent |
||
| 337 |
_aunmediated _bn _2rdamedia |
||
| 338 |
_avolume _bnc _2rdacarrier |
||
| 500 | _aIncludes index. | ||
| 563 | _aPB | ||
| 650 | 0 |
_aInternet addiction _vPopular works. _994648 |
|
| 650 | 0 |
_aCell phones _xPsychological aspects. _994649 |
|
| 906 |
_a7 _bcbc _corignew _d1 _eecip _f20 _gy-gencatlg |
||
| 942 |
_2ddc _cLC |
||
| 999 |
_c590528 _d590528 |
||